| 000 | 00387nam a2200157Ia 4500 | ||
|---|---|---|---|
| 008 | 230917s9999||||xx |||||||||||||| ||und|| | ||
| 040 |
_e122438 _aMAIN |
||
| 041 | _aEnglish | ||
| 082 | _a510.2462 K889A | ||
| 100 | _aKreyszig, Erwin | ||
| 245 | 0 | _aAdvanced engineering mathematics | |
| 250 | _a8th ed. | ||
| 260 |
_aNew Delhi _bWiley India _c2007 |
||
| 300 | _a1156 p. | ||
| 942 | _cBK | ||
| 999 |
_c141832 _d141832 |
||